000 00676nam a2200229Ia 4500
003 GCL
005 20240530103109.0
008 140319s9999 xx 000 0 ara d
040 _aGCL /
_cGCL
082 0 4 _a410
_bر ف
100 1 _aرمضان عبدالتواب
245 1 0 _aفصول فى فقه العربية /
_cرمضان عبدالتواب
260 _a[S.N] :
_bمكتبة الخانجى ،
_c1994
300 _a456 ص
650 0 4 _aالاوزان الشعرية
650 0 4 _aالاشتقاق
650 0 4 _aاللغة العربية
650 0 4 _aالمعاجم
650 0 4 _aاللهجات
650 0 4 _aاللغات السامية
942 _2ddc
_cBK
999 _c36801
_d36801